The collected works & commissioned biography of Edward Perry Warren /

Main Author: Warren, Edward Perry, 1860-1928
Other Authors: Kaylor, Michael Matthew, 1968-
Language: English
Published: Brno : Masaryk University, 2013
Edition: 1st Masaryk University Press ed.
Subjects:
Physical Description: 2 sv. (cxli, 579, [17] s. obr. příl.; 732, [26] s.) : il., portréty, faksim. ; 23 cm
Subscribed volumes: 1-2
Book
Saved in:
LEADER 03918nam a2200913 aa4500
001 nkc20142569702
003 CZ PrNK
005 20140407091940.0
007 ta
008 140228s2013 xr acfhe 001 mbeng
015 |a cnb002569702 
020 |a 978-80-210-6345-7  |q (vol. 1 ;  |q váz.) 
020 |a 978-80-210-6346-4  |q (vol. 2 ;  |q váz.)  |z 978-80-210-9345-7 
035 |a (OCoLC)876343024 
040 |a OLA001  |b cze  |d ABA001 
041 1 |a eng  |h gre  |h lat 
043 |a n-us--- 
045 |a w6x2 
072 7 |a 821.111(73).09  |x Americká literatura (o ní)  |2 Konspekt  |9 11 
072 7 |a 929  |x Biografie  |2 Konspekt  |9 8 
080 |a 821.111(73)-051  |2 MRF 
080 |a 7.074  |2 MRF 
080 |a 316.344.8-055.3-055.1  |2 MRF 
080 |a 929  |2 MRF 
080 |a 821.111(73)  |2 MRF 
080 |a 821.111(73)-1  |2 MRF 
080 |a 821.111(73)-3  |2 MRF 
080 |a 72/76:069.5  |2 MRF 
080 |a 613.885  |2 MRF 
080 |a 82:7.04  |2 MRF 
080 |a (73)  |2 MRF 
080 |a (092)  |2 MRF 
080 |a (0:82-1)  |2 MRF 
080 |a (0:82-3)  |2 MRF 
080 |a (0:82-4)  |2 MRF 
080 |a (081.1)  |2 MRF 
100 1 |a Warren, Edward Perry,  |d 1860-1928  |7 mub2012690309  |4 aut 
245 1 4 |a The collected works & commissioned biography of Edward Perry Warren /  |c edited with an introduction and notes by Michael Matthew Kaylor ; with translations from the Greek and Latin by Mark Robert Miner 
250 |a 1st Masaryk University Press ed. 
260 |a Brno :  |b Masaryk University,  |c 2013 
300 |a 2 sv. (cxli, 579, [17] s. obr. příl.; 732, [26] s.) :  |b il., portréty, faksim. ;  |c 23 cm 
504 |a Obsahuje bibliografické odkazy a rejstřík 
600 1 7 |a Warren, Edward Perry,  |d 1860-1928  |7 mub2012690309  |2 czenas 
648 4 |a 1860-1928 
648 7 |a 19.-20. století  |7 ch757015  |2 czenas 
650 0 7 |a američtí spisovatelé  |7 ph117171  |y 19.-20. století  |2 czenas 
650 0 7 |a sběratelé umění  |7 ph536900  |z Spojené státy americké  |y 19.-20. století  |2 czenas 
650 0 7 |a gayové  |7 ph138708  |z Spojené státy americké  |y 19.-20. století  |2 czenas 
650 0 7 |a americká literatura  |7 ph117170  |y 19.-20. století  |2 czenas 
650 0 7 |a řecké antické umění  |7 ph128268  |z Spojené státy americké  |y 19.-20. století  |2 czenas 
650 0 7 |a homosexualita  |7 ph120792  |2 czenas 
650 0 7 |a literární náměty  |7 ph138213  |2 czenas 
650 0 9 |a American authors  |y 19th-20th centuries  |2 eczenas 
650 0 9 |a art collectors  |z United States  |y 19th-20th centuries  |2 eczenas 
650 0 9 |a gay men  |z United States  |y 19th-20th centuries  |2 eczenas 
650 0 9 |a American literature  |y 19th-20th centuries  |2 eczenas 
650 0 9 |a ancient Greek art  |z United States  |y 19th-20th centuries  |2 eczenas 
650 0 9 |a homosexuality  |2 eczenas 
650 0 9 |a literary themes  |2 eczenas 
655 7 |a biografie  |7 fd131909  |2 czenas 
655 7 |a americká poezie  |7 fd131791  |2 czenas 
655 7 |a americké prózy  |7 fd131794  |2 czenas 
655 7 |a eseje  |7 fd132213  |2 czenas 
655 7 |a sebrané spisy  |7 fd133355  |2 czenas 
655 9 |a biography  |2 eczenas 
655 9 |a American poetry  |2 eczenas 
655 9 |a American prose  |2 eczenas 
655 9 |a essays  |2 eczenas 
655 9 |a collected works  |2 eczenas 
700 1 |a Kaylor, Michael Matthew,  |d 1968-  |7 mzk2006337217  |4 wfw  |4 edt 
910 2 |a BOA001  |b 2-1322.882  |s 1-2 
928 9 |a Masarykova univerzita 
990 |a BK 
995 |a 01 
991 |b 201403  |c NOV  |j 821.111 WAR  |e n 
996 6 |b 2610584427  |c 2-1322.882  |d Vol. 1  |v 1  |l MZK  |r Sklad / do 1 hodiny  |n 1  |p p.v.  |w 001406664  |u 000010  |a 1  |e BOA001  |j MZK50  |s P 
996 7 |b 2610584428  |c 2-1322.882  |d Vol. 1  |v 1  |l MZK  |r Sklad / do 1 hodiny  |n 0  |p p.v.  |w 001406664  |u 000020  |a 1  |e BOA001  |j MZK50  |s A 
996 6 |b 2610584429  |c 2-1322.882  |d Vol. 2  |v 2  |l MZK  |r Sklad / do 1 hodiny  |n 1  |p p.v.  |w 001406664  |u 000030  |a 1  |e BOA001  |j MZK50  |s P 
996 7 |b 2610584430  |c 2-1322.882  |d Vol. 2  |v 2  |l MZK  |r Sklad / do 1 hodiny  |n 0  |p p.v.  |w 001406664  |u 000040  |a 1  |e BOA001  |j MZK50  |s A